| 000 | 00574nam a2200193Ia 4500 | ||
|---|---|---|---|
| 999 |
_c1767 _d1767 |
||
| 003 | OSt | ||
| 005 | 20200928095054.0 | ||
| 008 | 190216s9999||||xx |||||||||||||| ||und|| | ||
| 020 | _a9780521691802 | ||
| 040 | _coclc | ||
| 082 |
_a572 _bWIL/P |
||
| 100 |
_aWilson, Keith _95035 |
||
| 245 | 0 |
_aPrinciples And Techniques Of Biochemistry And Molecular Biology / _cKeith Wilson ; John Walker |
|
| 250 | _a6th Ed. | ||
| 260 |
_bCambridge Uty Press, _aNew York: _c2008. |
||
| 300 | _a783p | ||
| 650 | _aBotany | ||
| 942 |
_cBK _2ddc _h572 _iWIL/P _k572 _mWIL/P |
||